Circuits de Formule 1 #1 - Statistiques

Statistiques générales
  • Ce quiz a été pris 2 611 fois
  • Le résultat moyen est 6 sur 15
Statistiques - réponses
Par images Réponse % Correct
Circuit de Monaco
81%
Autodromo Nazionale di Monza
71%
Baku City Circuit
71%
Circuit Gilles-Villeneuve
66%
Marina Bay Street Circuit
57%
Hungaroring
47%
Circuit Paul Ricard
44%
Hockenheimring
37%
Sepang International Circuit
33%
Shanghai International Circuit
33%
Indianapolis Motor Speedway Infield
24%
Circuit de Nevers Magny-Cours
22%
Circuito urbano de Valencia
10%
Kyalami Racetrack
10%
Adelaide Street Circuit
9%
Aucun quiz correspondant
Distribution des résultats
% des personnes avec chaque résultat
Percentile par nombre de réponses
Votre historique - résultats
Vous n’avez pas pris ce quiz